Billie Eilish - ocean eyes Lyrics - Statistics

General Stats
  • This quiz has been taken 201 times
  • The average score is 143 of 177
Answer Stats
Answer % Correct
eyes
100%
eyes)
100%
ocean
100%
you
99%
You
99%
a
97%
those
97%
Those
97%
(those
97%
for
90%
I've
90%
Your
90%
your
90%
me
89%
been
88%
Can't
88%
some
88%
stop
88%
time
88%
When
88%
at
87%
cry
86%
know
86%
watching
86%
make
85%
staring
85%
to
85%
give
84%
I'm
83%
(I'm
83%
No
82%
(no
82%
scared
82%
scared)
82%
how
81%
really
81%
and
79%
And
79%
never
79%
this
78%
fallen
76%
cities
74%
fair
74%
fair)
74%
Burning
73%
diamond
73%
skies
72%
from
71%
quite
71%
high
70%
inside
68%
into
68%
15
65%
thinking
65%
Falling
63%
flares
63%
of
63%
mind
62%
world
60%
napalm
59%
walking
57%
with
57%
He
54%
made
54%
blind
53%
creature
53%
friends
53%
left
53%
Careful
52%
gone
52%
her
49%
lonely
46%
Mmm
34%
mmm
34%
Da-da-da-da-da
33%
da-da-da-da-da
33%
throught
12%
No matching quizzes found
Score Distribution
Percent of People with Each Score
Percentile by Number Answered
Your Score History
You have not taken this quiz